Textbook of organic chemistry : (Record no. 70710)

MARC details
000 -LEADER
fixed length control field 01244nam a2200361 a 4500
001 - CONTROL NUMBER
control field vtls000066522
003 - CONTROL NUMBER IDENTIFIER
control field NLI
005 - DATE AND TIME OF LATEST TRANSACTION
control field 20210601192441.0
008 - FIXED-LENGTH DATA ELEMENTS--GENERAL INFORMATION
fixed length control field 101125s1987 ii 001 0 eng
020 ## - INTERNATIONAL STANDARD BOOK NUMBER
Terms of availability Rs. 30.00
039 #9 - LEVEL OF BIBLIOGRAPHIC CONTROL AND CODING DETAIL [OBSOLETE]
-- 201011250652
-- VLOAD
040 ## - CATALOGING SOURCE
Original cataloging agency NLI
Language of cataloging eng
Transcribing agency VTLS
Description conventions AACR2
041 0# - LANGUAGE CODE
Language code of text/sound track or separate title eng
044 ## - COUNTRY OF PUBLISHING/PRODUCING ENTITY CODE
MARC country code ii
082 04 - DEWEY DECIMAL CLASSIFICATION NUMBER
Classification number 547
245 00 - TITLE STATEMENT
Title Textbook of organic chemistry :
Remainder of title for second year of three year degree course (pass and hons.) and for third year of three year degree course (pass) /
Statement of responsibility, etc. G. B. Bohara ... [et al.]
260 ## - PUBLICATION, DISTRIBUTION, ETC.
Place of publication, distribution, etc. Cuttack :
Name of publisher, distributor, etc. Vidyapuri,
Date of publication, distribution, etc. 1987
300 ## - PHYSICAL DESCRIPTION
Extent -V. :
Other physical details dia. ;
Dimensions 21 cm.
500 ## - GENERAL NOTE
General note Library has vol. II
500 ## - GENERAL NOTE
General note Includes index
505 0# - FORMATTED CONTENTS NOTE
Formatted contents note for second year of three year degree course (pass and hons.) and for third year of three year degree course (pass)
650 #0 - SUBJECT ADDED ENTRY--TOPICAL TERM
Topical term or geographic name entry element Chemistry, Organic
General subdivision Textbooks
9 (RLIN) 138202
700 1# - ADDED ENTRY--PERSONAL NAME
Personal name Bohara, G. B.,
Relationship jt. aut
9 (RLIN) 163014
887 ## - NON-MARC INFORMATION FIELD
Content of non-MARC field Manoj
901 ## - LOCAL DATA ELEMENT A, LDA (RLIN)
a DB82231
b 16.06.2001
9 v2
901 ## - LOCAL DATA ELEMENT A, LDA (RLIN)
a DB82230
b 16.06.2001
9 v1
902 ## - LOCAL DATA ELEMENT B, LDB (RLIN)
a E547 T314
905 ## - LOCAL DATA ELEMENT E, LDE (RLIN)
a Manoj
906 ## - LOCAL DATA ELEMENT F, LDF (RLIN)
a 0017493
949 ## - LOCAL PROCESSING INFORMATION (OCLC)
-- VIRTUAITEM
-- 10000
-- 100
6 DBA000082231ENG
9 v2
942 ## - ADDED ENTRY ELEMENTS (KOHA)
Source of classification or shelving scheme Dewey Decimal Classification
Koha item type Books
949 ## - LOCAL PROCESSING INFORMATION (OCLC)
-- VIRTUAITEM
-- 10000
-- 100
6 DBA000082230ENG
9 v1
Holdings
Withdrawn status Lost status Damaged status Not for loan Collection code Home library Current library Shelving location Date acquired Total Checkouts Full call number Barcode Date last seen Price effective from Koha item type
        New English National Library of India National Library of India New English - Main Stack Division     E547 T314 DBA000082231ENG 01/06/2021 01/06/2021 Books
        New English National Library of India National Library of India New English - Main Stack Division     E547 T314 DBA000082230ENG 01/06/2021 01/06/2021 Books
                                                                           
web counter

Copyright ©2020 The National Library of India, Govt. of India ↔ Hosted by NVLI, MOC ↔ Technology and Design by National Library of India, Ministry of Culture, Govt. of India